000 00928nam a2200277Ia 4500
003 OSt
005 20221007123401.0
006 a|||||r|||| 00| 0
007 ta
008 221006b |||||||| |||| 00| 0 eng d
020 _a0486639487 (pbk)
_c
_ 19.95
024 _a10334
037 _bI K,
_cTextual
040 _aPAPL
_cPAPL
_beng
041 _2eng
_aeng
082 _aC21, L9
100 _aHarrison Walter A
_9498996
245 0 _aSolid state theory by Walter A Harrison
260 _aNew
_bYork Dover Pub. Inc.
_c1979
300 _axviii, 554p
_ccm.
500 _aIndex 541-554p; ^n23/CSL/CARPA/2002-03/576^d2002-12-30^mPurchase; ; 2002-03/806^b2003-03-20^cIK/2003/2595^d2003-03-06^eRs.861.00^fI K INternational Pvt. Ltd.; ; 2003-04-07^bSB^c2003-04-09^dRPS
650 _a Solid State
650 _aPhysics
942 _hC21, L9
_cTEXL
_2CC
999 _c1211791
_d1211791